| 000 | 00553nam a2200193 a 4500 | ||
|---|---|---|---|
| 005 | 20140310183215.0 | ||
| 008 | 030620s19uu xx 00 eng d | ||
| 020 | _a0201180014 | ||
| 050 |
_aHD 58.8 _b.B396 1969 |
||
| 100 | _aBeckhard, Richard | ||
| 245 |
_aOrganization development : _bstrategies and models / _cRichard Beckhard. |
||
| 260 |
_aLondon : _bAddison-Wesley, _c1969. |
||
| 300 |
_a119 p. : _c20 cm. |
||
| 521 | _aBSBA | ||
| 650 | _aPersonnel Management | ||
| 650 | _aPsychology, Industrial | ||
| 942 |
_cBK _2lcc _kFOR |
||
| 999 |
_c20233 _d20233 |
||